000 00259nam a2200109Ia 4500
008 220204s9999 xx 000 0 und d
082 _a912
_bVIC
100 _aVickers, A F
245 0 _aPatterns of interaction
260 _aSydney
_bLongman
_c1977
942 _cBK
999 _c28737
_d28737